000 00743nam a2200265 a 4500
001 53308
003 BD-RjUL
005 20211209075936.0
008 161005s1977 us a|||| |||| 001 0 eng d
020 _a0876204809
035 _a(BD-RjUL)53428
040 _aBD-RjUL
_beng
_cBD-RjUL
041 _aeng
082 _223
_a658
_bPII 1977
100 _aPickle, Hal B.
_9159347
245 _aIntroduction to business /
_cHal B Pickle; Royce L Abrahamson
250 _a3rd ed.
260 _aCalifornia :
_bGoodyear publishing,
_cc1977
300 _axxi, 487 p. :
_bill. ;
_c24 cm.
500 _aIncludes index
650 _aBusiness.
_9159348
650 _aManagement.
_9172842
700 _a Abrahamson, Royce L.
_9159349
942 _2ddc
_cBK
999 _c53308
_d53308